书目信息 |
| 题名: |
口琴演奏经典与流行音乐
|
|
| 作者: | 黄胜文 编著 | |
| 分册: | ||
| 出版信息: | 上海 上海音乐出版社 2020.5 |
|
| 页数: | 112页 | |
| 开本: | 29cm | |
| 丛书名: | ||
| 单 册: | ||
| 中图分类: | J624.4 | |
| 科图分类: | ||
| 主题词: | 口琴--奏法 | |
| 电子资源: | ||
| ISBN: | 978-7-5523-1402-1 | |
| 000 | 01251nam0 2200289 45 | |
| 001 | 012001001507 | |
| 005 | 20130912145302.0 | |
| 010 | @a978-7-5523-1402-1@dCNY58.00 | |
| 010 | @a978-7-88945-031-7@b光盘 | |
| 099 | @aCAL 012019076266 | |
| 100 | @a20190410d2019 em y0chiy0110 ea | |
| 101 | 0 | @achi |
| 102 | @aCN@b310000 | |
| 105 | @aag z 000yy | |
| 106 | @ar | |
| 200 | 1 | @a口琴演奏经典与流行音乐@Akou qin yan zou jing dian yu liu xing yin yue@d= Harmonica playing classic and popular music@f黄胜文编著@zeng |
| 210 | @a上海@c上海音乐出版社@c上海文艺音像电子出版社@d2020.5 | |
| 215 | @a112页@c图@d29cm@e光盘1片 | |
| 300 | @a并列题名:Harmonica playing classic and popular music | |
| 314 | @a黄胜文, 著名口琴演奏家、教育家, 北京教育学院音乐系副教授, 中国口琴协会会长等。 | |
| 330 | @a本书精选全球18首适合口琴演奏的经典乐曲, 所有乐曲均采用五线谱与简谱对照记谱, 每首乐曲均有详细的乐曲简介及演奏提示, 适用于半音阶口琴、传统复音口琴及布鲁斯口琴等各种口琴演奏, 示范CD中的所有曲目均由黄文胜老师亲自演奏录制。 | |
| 510 | 1 | @aHarmonica playing classic and popular music@zeng |
| 606 | 0 | @a口琴@x奏法 |
| 690 | @aJ624.4@v5 | |
| 701 | 0 | @a黄胜文@Ahuang sheng wen@4编著 |
| 801 | @aCN@b江苏凤凰@c20211018 | |
| 905 | @b1343769-72@dJ624.4@e539@f4 | |
| 口琴演奏经典与流行音乐= Harmonica playing classic and popular music/黄胜文编著.-上海:上海音乐出版社:上海文艺音像电子出版社,2020.5 |
| 112页:图;29cm+光盘1片 |
| 并列题名:Harmonica playing classic and popular music |
| ISBN 978-7-5523-1402-1:CNY58.00 |
| 本书精选全球18首适合口琴演奏的经典乐曲, 所有乐曲均采用五线谱与简谱对照记谱, 每首乐曲均有详细的乐曲简介及演奏提示, 适用于半音阶口琴、传统复音口琴及布鲁斯口琴等各种口琴演奏, 示范CD中的所有曲目均由黄文胜老师亲自演奏录制。 |
| ● |
| 相关链接 |
|
|
|
|
正题名:口琴演奏经典与流行音乐
索取号:J624.4/539
 
预约/预借
| 序号 | 登录号 | 条形码 | 馆藏地/架位号 | 状态 | 备注 |
| 1 | 1343769 | 213437690 | 第一样本阅览室/ [索取号:J624.4/539] | 在馆 | |
| 2 | 1343770 | 213437707 | 第一借阅区/ [索取号:J624.4/539] | 在馆 | |
| 3 | 1343771 | 213437716 | 第一借阅区/ [索取号:J624.4/539] | 在馆 | |
| 4 | 1343772 | 213437725 | 第一借阅区/ [索取号:J624.4/539] | 在馆 |